Compendio de la historia romana desde la fundación de Roma hasta la invasión de los bárbaros para el uso de los establecimientos de segunda enseñanza / por el Presbítero Drioux antiguo profesor de historia y de retórica en el Seminario de Langres, miembro de la Sociedad Literaria de la Universidad Católica de Lovaina

Detalles Bibliográficos
Autor principal: Drioux, Claude-Joseph, 1820-1898
Formato: Libro
Lenguaje:Spanish
Publicado: Paris ; México : librería de C. Bouret, 1879.
Edición:Octava edición
Materias:
Colección:Banco de datos
Acervo:Seminario Conciliar de Nuestra Señora de Guadalupe Querétaro. Qro.. Biblioteca Florencio Rosas. Fondo Histórico
Descripción Física:[2] h., XI, 499 p. ; 18 cm.
Tema general:Historia antigua
Notas:Texto con signaturas y notas a pie de página. Colofón: Paris. Imp. Jules Le Clere y comp., calle Cassette, 17. Encuadernación editorial en tela. Sello en tinta de la Biblioteca del Seminario, Querétaro. Daños en la encuadernación, falta lomo
LEADER 01169nam a22001930004500
035 |a 8421 
041 0 |a spa 
100 1 |a Drioux, Claude-Joseph, 1820-1898 
245 1 0 |a Compendio de la historia romana desde la fundación de Roma hasta la invasión de los bárbaros para el uso de los establecimientos de segunda enseñanza / por el Presbítero Drioux antiguo profesor de historia y de retórica en el Seminario de Langres, miembro de la Sociedad Literaria de la Universidad Católica de Lovaina 
250 |a Octava edición 
260 |a Paris ; México : librería de C. Bouret, 1879. 
300 |a [2] h., XI, 499 p. ; 18 cm.  
500 |a Texto con signaturas y notas a pie de página. Colofón: Paris. Imp. Jules Le Clere y comp., calle Cassette, 17. Encuadernación editorial en tela. Sello en tinta de la Biblioteca del Seminario, Querétaro. Daños en la encuadernación, falta lomo 
504 |a Incluye índice de contenido 
650 1 0 |a Historia antigua 
949 |a Fondo Histórico: 17214 
942 |c Q.R.H.T 
943 |g Seminario Conciliar de Nuestra Señora de Guadalupe Querétaro. Qro.. Biblioteca Florencio Rosas. Fondo Histórico 
999 |c 1089876  |d 1089876